L'histoire littéraire (notice n° 2198785)

détails MARC
000 -LEADER
fixed length control field 01539cam a2200133 4500500
005 - DATE AND TIME OF LATEST TRANSACTION
control field 20260405085605.0
041 ## - LANGUAGE CODE
Language code of text/sound track or separate title fre
042 ## - AUTHENTICATION CODE
Authentication code dc
100 10 - MAIN ENTRY--PERSONAL NAME
Personal name Vaillant, Alain
Relator term author
245 00 - TITLE STATEMENT
Title L'histoire littéraire
260 ## - PUBLICATION, DISTRIBUTION, ETC.
Name of publisher, distributor, etc. Armand Colin,<br/>
Date of publication, distribution, etc. 2023.<br/>
520 ## - SUMMARY, ETC.
Summary, etc. L'histoire littéraire est en plein renouveau. Cet ouvrage en offre la première synthèse générale. Il se confronte aux grandes notions que rencontre toute théorie littéraire (la littérarité, l'auteur, le genre, le lecteur, la mimésis, etc.) et présente les voies les plus récentes de la recherche. Il est aussi un essai d'interprétation original, dont l'orientation est résolument pluridisciplinaire. Considérant la littérature comme un système culturel parmi d'autres, l'histoire littéraire entre en résonance avec l'anthropologie et la sociologie ; se définissant elle-même comme histoire de la communication littéraire, elle croise l'histoire culturelle et la médiologie ; visant à édifier une poétique historique des formes littéraires, elle porte la même attention aux inventions et aux pratiques esthétiques que l'histoire de l'art. Au fil des chapitres, l'ouvrage esquisse enfin une interprétation historique globale des grandes phases de la littérature française et, de façon plus précise, des bouleversements majeurs (esthétiques et institutionnels) qu'elle a connus de la Révolution jusqu'au XXIe siècle.
856 41 - ELECTRONIC LOCATION AND ACCESS
Uniform Resource Identifier <a href="https://shs.cairn.info/l-histoire-litteraire--9782200635404?lang=fr&redirect-ssocas=7080">https://shs.cairn.info/l-histoire-litteraire--9782200635404?lang=fr&redirect-ssocas=7080</a>

Pas d'exemplaire disponible.

PLUDOC

PLUDOC est la plateforme unique et centralisée de gestion des bibliothèques physiques et numériques de Guinée administré par le CEDUST. Elle est la plus grande base de données de ressources documentaires pour les Étudiants, Enseignants chercheurs et Chercheurs de Guinée.

Adresse

627 919 101/664 919 101

25 boulevard du commerce
Kaloum, Conakry, Guinée

Réseaux sociaux

Powered by Netsen Group @ 2025